[Event "TCh-FRA Top 12 2012"]
[Site "Belfort FRA"]
[Date "2012.06.03"]
[Round "4.8"]
[White "Leconte,M"]
[Black "Maisuradze,N"]
[Result "0-1"]
[WhiteElo "2260"]
[BlackElo "2302"]

1.e4 c5 2.Nc3 Nc6 3.Bb5 Nd4 4.Bc4 e6 5.Nf3 Ne7 6.O-O Nxf3+ 7.Qxf3 Nc6 8.d3 Nd4
9.Qd1 a6 10.a4 Rb8 11.a5 Nc6 12.f4 Nxa5 13.f5 b5 14.Ba2 b4 15.Na4 Rb7 16.Be3 Qc7
17.Qh5 c4 18.dxc4 Nxc4 19.fxe6 dxe6 20.Bxc4 Qxc4 21.Rad1 Qb5 22.Qxb5+ Rxb5
23.Nb6 Bc5 24.Nxc8 Bxe3+ 25.Kh1 Bc5 26.Nd6+ Bxd6 27.Rxd6 a5 28.Rc6 O-O 29.Rd1 Re5
30.Rc4 h5 31.g3 g5 32.h4 Kg7 33.Rd7 Kg6 34.Kg2 g4 35.Kf2 f5 36.Ke3 fxe4 37.Rcc7 Rf3+
38.Ke2 Ref5 39.Rg7+ Kf6 40.c3 Rxg3 41.Ra7 bxc3 42.bxc3 Rxc3 43.Rgf7+ Ke5
44.Rxa5+ Kf4  0-1

[Event "Alushta Summer 1 2012"]
[Site "Alushta UKR"]
[Date "2012.06.04"]
[Round "3"]
[White "Meribanov,V"]
[Black "Iljin,T"]
[Result "0-1"]
[WhiteElo "2331"]
[BlackElo "2482"]

1.e4 c5 2.Nf3 Nc6 3.Nc3 e5 4.Bc4 Be7 5.d3 Nf6 6.O-O d6 7.Bg5 Bg4 8.h3 Bh5
9.Bxf6 Bxf6 10.Nd5 O-O 11.c3 Kh8 12.a3 a6 13.b4 b5 14.Bb3 Bg5 15.a4 bxa4
16.Bxa4 Ne7 17.bxc5 Nxd5 18.exd5 f5  0-1

[Event "TCh-FRA Top 12 2012"]
[Site "Belfort FRA"]
[Date "2012.06.04"]
[Round "5.3"]
[White "Sokolov,And1"]
[Black "Cornette,M"]
[Result "1/2-1/2"]
[WhiteElo "2570"]
[BlackElo "2552"]

1.e4 c5 2.Nc3 Nc6 3.Nf3 g6 4.Bb5 Bg7 5.O-O Nf6 6.Bxc6 dxc6 7.d3 Bg4 8.h3 Bxf3
9.Qxf3 e5 10.a4 a5 11.Bg5 Qd6 12.Nd1 h6 13.Bd2 Nh7 14.h4 Nf8 15.Ne3 Ne6 16.Nc4 Qd8
17.h5 Nd4 18.Qd1 O-O 19.Be3 Ne6 20.hxg6 fxg6 21.Qg4 Qf6 22.c3 h5  1/2-1/2

[Event "TCh-FRA Top 12 2012"]
[Site "Belfort FRA"]
[Date "2012.06.05"]
[Round "6.8"]
[White "Choisy,M"]
[Black "Bellahcene,B"]
[Result "1/2-1/2"]
[WhiteElo "2205"]
[BlackElo "2347"]

1.e4 c5 2.Nc3 Nc6 3.Nf3 g6 4.Bb5 Bg7 5.O-O Nf6 6.Bxc6 dxc6 7.h3 O-O 8.d3 Ne8
9.Be3 b6 10.Qd2 e5 11.Nh2 Nc7 12.f4 exf4 13.Bxf4 Nb5 14.Nf3 f5 15.exf5 Bxf5
16.Bh6 Nd4 17.Bxg7 Kxg7 18.Nxd4 Qxd4+ 19.Kh1 c4 20.Rf4 Qd7  1/2-1/2

[Event "1st Grand Europe Open"]
[Site "Golden Sands BUL"]
[Date "2012.06.05"]
[Round "2.39"]
[White "Simonian,H"]
[Black "Videnova,I"]
[Result "1-0"]
[WhiteElo "2475"]
[BlackElo "2313"]

1.e4 c5 2.Nc3 Nc6 3.Bb5 Nd4 4.Bc4 e6 5.Nge2 Nf6 6.O-O a6 7.a4 d5 8.exd5 exd5
9.Ba2 Ne6 10.d3 Be7 11.Nf4 Nxf4 12.Bxf4 O-O 13.Qf3 Bg4 14.Qg3 Be6 15.Be5 Qd7
16.f4 d4 17.Ne4 Nh5 18.Bxe6 Qxe6 19.Qf3 g6 20.g4 f6 21.Bxd4 cxd4 22.gxh5 f5
23.Ng3 Qd7 24.Rfe1 Rac8 25.Re2 Bb4 26.Rf1 Rf6 27.Rff2 Rfc6 28.h4 Be7 29.hxg6 Rxg6
30.h5 Rg4 31.Kf1 Bh4 32.Rg2 Kh8 33.Nh1 Rxg2 34.Kxg2 Qxa4 35.Kh3 Bd8 36.Qxb7 Rc7
37.Qd5 Qd7 38.Qe5+ Qg7 39.Qe8+ Qg8 40.Qxg8+ Kxg8 41.Re8+ Kg7 42.Rxd8 Rxc2
43.Kg3  1-0

[Event "Mitropa Cup 2012"]
[Site "Sibenik CRO"]
[Date "2012.06.05"]
[Round "6"]
[White "Shytaj,L"]
[Black "Martinovic,Sa"]
[Result "0-1"]
[WhiteElo "2496"]
[BlackElo "2504"]

1.e4 c5 2.Nf3 Nc6 3.Nc3 d6 4.d4 cxd4 5.Nxd4 Nf6 6.Bg5 e6 7.Qd2 a6 8.O-O-O Bd7
9.f3 h6 10.Be3 b5 11.Kb1 Rc8 12.Nxc6 Bxc6 13.h4 Qc7 14.Rh3 h5 15.Bg5 Be7
16.Ne2 e5 17.Ng3 g6 18.Rh1 O-O 19.Bd3 Rfd8 20.Rdf1 d5 21.Qe2 b4 22.Rhg1 Bb5
23.Rd1 Bc4 24.exd5 Bxd5 25.Ne4 Nxe4 26.Bxe4 Bc4 27.Bd3 Bxg5 28.hxg5 Bxd3
29.cxd3 Rd5 30.Rc1 Rc5 31.Qd2 Qd6 32.Qe3 a5 33.Rxc5 Rxc5 34.Rc1 Rd5 35.Rc8+ Kg7
36.Kc2 Qd7 37.Rc4 Qa4+ 38.Kc1 Qxa2 39.Qe4 Qa1+ 40.Kd2 Qxb2+ 41.Ke3 Rd6  0-1

[Event "TCh-FRA Top 12 2012"]
[Site "Belfort FRA"]
[Date "2012.06.07"]
[Round "8.1"]
[White "Le Roux,JP"]
[Black "Krasenkow,M"]
[Result "0-1"]
[WhiteElo "2551"]
[BlackElo "2604"]

1.e4 c5 2.Nf3 Nc6 3.Nc3 e5 4.Bc4 Be7 5.d3 Nf6 6.Nd2 a6 7.a4 Nb4 8.O-O O-O
9.h3 d5 10.exd5 Nfxd5 11.Nf3 f6 12.a5 Be6 13.Re1 Kh8 14.Ne4 Nc7 15.b3 Qd7
16.Bb2 Rad8 17.Ng3 Ncd5 18.Qd2 Bxh3 19.gxh3 Nf4 20.Re4 g5 21.Nxe5 fxe5 22.Bxe5+ Bf6
23.Bxf6+ Rxf6 24.Qc3 Qg7 25.Kh2 Nxh3 26.f4 Nxf4 27.Qe5 Nc6  0-1

[Event "1st Grand Europe Open"]
[Site "Golden Sands BUL"]
[Date "2012.06.07"]
[Round "4.9"]
[White "Simonian,H"]
[Black "Solak,D"]
[Result "0-1"]
[WhiteElo "2475"]
[BlackElo "2586"]

1.e4 c5 2.Nc3 Nc6 3.Bb5 Nd4 4.Bc4 a6 5.Nge2 b5 6.Bxf7+ Kxf7 7.Nxd4 cxd4 8.Qh5+ g6
9.Qd5+ e6 10.Qxa8 dxc3 11.dxc3 Qc7 12.Be3 Nf6 13.f3 Bd6 14.Qa7 Bxh2 15.Qxc7 Bxc7
16.a4 Bb7 17.axb5 axb5 18.Ra7 Bg3+ 19.Bf2 Bxf2+ 20.Kxf2 Bc6 21.Rd1 e5 22.Ke3 g5
23.Rd6 Rc8 24.Ra5 Ke7 25.Rd1 Ke6 26.b3 h5 27.c4 bxc4 28.bxc4 h4 29.c5 Nh5
30.Rd6+ Kf7 31.Kf2 Nf4 32.Rh6 Ne6 33.Ra7 Re8 34.Rh7+ Kg6 35.Rhxd7 Bxd7 36.Rxd7 Rd8
37.Rd6 Rxd6 38.cxd6 Kf7 39.Kg1 g4 40.Kh2 Ng5 41.c4 g3+  0-1

[Event "TCh-FRA Top 12 2012"]
[Site "Belfort FRA"]
[Date "2012.06.08"]
[Round "9.8"]
[White "Skripchenko,A"]
[Black "Leroy,D"]
[Result "1/2-1/2"]
[WhiteElo "2440"]
[BlackElo "2284"]

1.e4 c5 2.Nc3 Nc6 3.Bb5 e6 4.Bxc6 bxc6 5.d3 e5 6.f4 exf4 7.Bxf4 d6 8.Nf3 Ne7
9.d4 Ng6 10.Bg3 Bb7 11.dxc5 dxc5 12.O-O Be7 13.e5 O-O 14.Ne4 Ba6 15.Qxd8 Raxd8
16.Rfe1 Rd5 17.Nc3 Rdd8 18.Rad1 Bc8 19.Ne4 Rxd1 20.Rxd1 Bf5 21.Re1 Rb8 22.b3 c4
23.Re2 a5 24.Nd6 cxb3 25.axb3 Be6 26.Nd4 c5 27.Nxe6 fxe6 28.Re1 h5 29.h3 h4
30.Bh2 Bg5 31.Ne4 Be7 32.Ra1 c4 33.bxc4 Bd8 34.Kh1 Rb2 35.c3 Re2 36.Nc5 Nxe5
37.Nxe6 Bf6 38.Nd4 Re3 39.Rxa5 Nxc4  1/2-1/2

[Event "5th Sudety Open 2012"]
[Site "Szklarska Poreba POL"]
[Date "2012.06.08"]
[Round "7"]
[White "Aliavdin,N"]
[Black "Goluch,P"]
[Result "1/2-1/2"]
[WhiteElo "2382"]
[BlackElo "2246"]

1.e4 c5 2.Nf3 Nc6 3.Nc3 g6 4.d4 cxd4 5.Nxd4 Bg7 6.Nde2 Nf6 7.g3 O-O 8.Bg2 a6
9.O-O h6 10.h3 e5 11.Be3 Qa5 12.Qd2 Kh7 13.a3 Re8 14.Rad1 Bf8 15.b4 Qd8 16.Nd5 Nxd5
17.exd5 Ne7 18.d6 Nf5 19.Bc5 Rb8 20.g4 Nh4 21.Bd5 b6 22.Be3 f5 23.f4 e4 24.gxf5 gxf5
25.Kh1 Nf3 26.Rxf3 exf3 27.Rg1 Re6 28.Qd3 Qf6 29.Bd4 Qf7 30.Qxf3 Bb7 31.Bxb7 Rxb7
32.Qxb7 Rxe2 33.Qf3 Rxc2 34.Bxb6 Rd2 35.Rd1 Rxd6 36.Rxd6  1/2-1/2

[Event "1st Grand Europe Open"]
[Site "Golden Sands BUL"]
[Date "2012.06.09"]
[Round "6.33"]
[White "Simonian,H"]
[Black "Ji Dan"]
[Result "1/2-1/2"]
[WhiteElo "2475"]
[BlackElo "2326"]

1.e4 c5 2.Nc3 Nc6 3.Bb5 Nd4 4.Bc4 e6 5.Nge2 Nf6 6.O-O a6 7.a4 d5 8.exd5 exd5
9.Ba2 Bd6 10.d3 O-O 11.Nxd4 cxd4 12.Ne2 Bg4 13.h3 Bh5 14.Qd2 Qe7 15.Ng3 Bg6
16.Qg5 Qc7 17.Bb3 Rae8 18.Bd2 Re6 19.Rae1 Rfe8 20.Qh4 Rxe1 21.Rxe1 Rxe1+
22.Bxe1 Bxd3 23.cxd3 Qc1 24.Qxd4 Qxe1+ 25.Nf1 Qb4 26.Qxb4 Bxb4 27.Ne3 Bc5
28.Nxd5 Nxd5 29.Bxd5 b6 30.g3 Kf8 31.Kg2 Ke7 32.f4 a5 33.Kf3 Bd4 34.b3 f6
35.Ke4 Bf2 36.g4 h6 37.Bg8 Kd6 38.Kf5 Ke7 39.Ke4 Kd6 40.d4 Bg1 41.d5 Bc5
42.Kf5 Ke7 43.Kg6 Kf8 44.Be6 Bd6 45.Kf5 Ke7 46.h4 Bc7 47.Bc8 Bd6 48.Kg6 Kf8
49.f5 Bg3 50.g5 Bxh4 51.gxh6 gxh6 52.d6 Bg5 53.Ba6 Ke8 54.Bb5+ Kd8 55.Bc6 Bh4
56.Kxh6 Bg3 57.Kg7 Be5 58.Kf7 Bd4 59.Ke6 Be5 60.Bb5  1/2-1/2

[Event "1st Grand Europe Open"]
[Site "Golden Sands BUL"]
[Date "2012.06.12"]
[Round "9.7"]
[White "Solak,D"]
[Black "Ashwin,J"]
[Result "1-0"]
[WhiteElo "2586"]
[BlackElo "2471"]

1.e4 c5 2.Nc3 Nc6 3.Bb5 Nd4 4.Bc4 e6 5.Nge2 a6 6.Nxd4 cxd4 7.Ne2 Nf6 8.d3 d5
9.exd5 exd5 10.Bb3 Bc5 11.O-O h6 12.Bf4 Be6 13.Be5 Ng4 14.Bxd4 Qh4 15.h3 Bxd4
16.Nxd4 Nxf2 17.Nf3 Nxh3+ 18.gxh3 Qg3+ 19.Kh1 Qxh3+ 20.Nh2 O-O-O 21.Qf3 Qh4
22.Qf4 Qh5 23.c4 g5 24.Qe5 Rhe8 25.Rac1 d4 26.Ba4 Re7 27.Qc5+ Rc7 28.Qa7 Re7
29.Qc5+ Rc7 30.Qa7 Re7 31.Bc6 bxc6 32.Qxe7 g4 33.Rg1 Qh3 34.Qc5 Kb7 35.Qe5 Qxd3
36.Rg3 Qd2 37.Rb3+ Ka8 38.Qc7 Qxc1+ 39.Kg2 Qd2+ 40.Kg1 Qd1+ 41.Nf1 Qxb3 42.axb3 Rd7
43.Qxc6+ Ka7 44.b4 d3 45.Nd2 h5 46.Qc5+ Kb7 47.Qxh5 Bxc4 48.Nxc4 d2 49.Nxd2 Rxd2
50.Qxf7+ Kb6 51.Qf6+ Kb7 52.Qg7+ Kb8 53.Qxg4 Rc2 54.b5 axb5 55.Qb4 Kc7 56.Qxb5 Rc6
57.Kf2 Rb6 58.Qe5+ Kb7 59.Ke2 Ka6 60.Kd2 Rb5 61.Qd4 Ka5 62.Qa7+ Kb4 63.Qa3+ Kc4
64.Qc3+ Kd5 65.b4 Kd6 66.Qc4 Rf5 67.Qa6+ Kc7 68.Qa7+ Kc6 69.Qa8+ Kc7 70.Kc3 Rb5
71.Kc4 Rb8 72.Qa7+ Rb7 73.Qxb7+ Kxb7 74.Kb5 Ka7 75.Kc6 Ka6 76.b5+ Ka7 77.Kc7 Ka8
78.Kb6 Kb8 79.Ka6 Ka8 80.b6 Kb8 81.b7 Kc7 82.Ka7  1-0

[Event "16th Voronezh Master Open"]
[Site "Voronezh RUS"]
[Date "2012.06.12"]
[Round "1.23"]
[White "Geller,J"]
[Black "Chernyuk,Mikhail"]
[Result "1-0"]
[WhiteElo "2538"]
[BlackElo "2254"]

1.e4 c5 2.Nf3 Nc6 3.Nc3 e5 4.Bc4 d6 5.d3 Be6 6.Ng5 Bxc4 7.dxc4 Nf6 8.Nf3 Be7
9.O-O O-O 10.Qd3 Ne8 11.Nd5 Nc7 12.c3 Nxd5 13.Qxd5 h6 14.Rd1 Qc8 15.Nd2 Bg5
16.Nf1 Bxc1 17.Raxc1 Rd8 18.Ne3 Ne7 19.Qd3 Qe6 20.Qc2 Qd7 21.Nd5 Nxd5 22.Rxd5 Qc6
23.Rcd1 Rd7 24.f4 f6 25.f5 Kf8 26.R1d3 Ke7 27.Rg3 Rg8 28.a3 a5 29.a4 Kd8
30.Rg6 Re8 31.Kf2 Kc7 32.Ke3 Ree7 33.Kd3 Rd8 34.Qb3 Rf8 35.Qb5 b6 36.Qb3 Rfe8
37.Kc2 Rd8 38.Kb1 Rde8 39.Qd1 Rf8 40.Ka2 Rd7 41.Kb3 Rdf7 42.Qe2 Qe8 43.Rd3  1-0

[Event "5th Mayors Cup 2012"]
[Site "Mumbai IND"]
[Date "2012.06.13"]
[Round "9.17"]
[White "Tiwari,Ar"]
[Black "Debashis,D"]
[Result "0-1"]
[WhiteElo "2244"]
[BlackElo "2425"]

1.e4 c5 2.Nc3 Nc6 3.Bb5 Nd4 4.Bc4 e6 5.Nf3 Nf6 6.O-O Qc7 7.h3 a6 8.a4 d6
9.d3 Nc6 10.Re1 Be7 11.Bf4 O-O 12.Bg3 b6 13.e5 dxe5 14.Nxe5 Bd6 15.f4 Bb7
16.Qe2 Nd4 17.Qf2 Rfe8 18.Bh2 Rad8 19.Rf1 Re7 20.Rae1 Qb8 21.Ba2 Ba8 22.Bb1 c4
23.Nxc4 Bc5 24.Ne3 Nf5 25.Ncd1 Nd5 26.c3 Bxe3 27.Nxe3 Ndxe3 28.Rxe3 Nxe3
29.Qxe3 Qb7 30.Rf2 b5 31.axb5 axb5 32.d4 Qd7 33.Bg3 Ree8 34.Bh4 Rb8 35.Qg3 f5
36.Bf6 Bd5 37.Bd3 Rec8 38.Be5 Rb7 39.Qg5 b4 40.Ba6 bxc3 41.Bxb7 c2 42.Rxc2 Rxc2
43.Bxd5 exd5 44.Qg3 Rxb2 45.Kh2 h6 46.Qa3 Rb7 47.Qa8+ Kh7 48.Qf8 Qf7 49.Qd8 Rb2
50.Qd6 Rb3 51.Qd8 Qg6 52.Qh4 Rb2 53.Qg3 Qxg3+ 54.Kxg3 Kg6 55.Kf3 h5 56.Kg3 Kf7
57.Kh4 Rxg2 58.Kxh5 g6+ 59.Kh4 Ke6 60.Bc7 Kd7 61.Be5 Kc6  0-1

[Event "26th Pula Open"]
[Site "Pula CRO"]
[Date "2012.06.13"]
[Round "6.18"]
[White "Doric,N"]
[Black "Rihouay,C"]
[Result "1-0"]
[WhiteElo "2339"]
[BlackElo "2192"]

1.e4 c5 2.Nc3 Nc6 3.Bb5 Nd4 4.Bc4 a6 5.a4 Rb8 6.d3 b5 7.axb5 axb5 8.Ba2 e6
9.Nge2 b4 10.Nxd4 bxc3 11.Nb3 c4 12.dxc4 Bb4 13.O-O Bb7 14.Qd4 cxb2 15.Bxb2 Ne7
16.c5 Bc6 17.Rfb1 f6 18.c3 Ba5 19.Nxa5 Qxa5 20.f4 Qc7 21.f5 exf5 22.exf5 Nxf5
23.Qf2 Ne7 24.Re1 Kd8 25.Bc1 Ng6 26.Bf7 Ra8 27.Rxa8+ Bxa8 28.Bxg6 hxg6 29.Bf4 Qc6
30.Qb2 Qb7 31.Qe2 Qc6 32.Bd6 Bb7 33.Qe7+ Kc8  1-0

[Event "16th Voronezh Master Open"]
[Site "Voronezh RUS"]
[Date "2012.06.13"]
[Round "2.39"]
[White "Belyakov,B"]
[Black "Sevian,A"]
[Result "1/2-1/2"]
[WhiteElo "2312"]
[BlackElo "2223"]

1.e4 c5 2.Nf3 Nc6 3.Nc3 d6 4.Bb5 Bd7 5.Bxc6 bxc6 6.d4 cxd4 7.Qxd4 e5 8.Qd3 h6
9.O-O Nf6 10.a4 a5 11.b3 Qc7 12.Nd2 Be6 13.Nc4 Be7 14.Rd1 d5 15.exd5 cxd5
16.Nb5 Qb8 17.Ne3 O-O 18.Nf5 Bc5 19.Bxh6 e4 20.Qh3 gxh6 21.Rxd5 Bxd5 22.Qxh6 Ne8
23.Qg5+ Kh8 24.Nbd6 Bxd6 25.Qh6+ Kg8 26.Qg5+  1/2-1/2

[Event "26th Pula Open"]
[Site "Pula CRO"]
[Date "2012.06.14"]
[Round "7.17"]
[White "Geirnaert,S"]
[Black "Salmoiraghi,A"]
[Result "1-0"]
[WhiteElo "2412"]
[BlackElo "2178"]

1.e4 c5 2.Nf3 Nc6 3.Nc3 d6 4.d4 cxd4 5.Nxd4 Nf6 6.g3 g6 7.Nde2 Bg7 8.Bg2 O-O
9.O-O Bd7 10.h3 a6 11.a4 Rc8 12.Nd5 b5 13.axb5 axb5 14.Bg5 Nxd5 15.exd5 Ne5
16.Ra2 Bxh3 17.Bxh3 Nf3+ 18.Kg2 Nxg5 19.Bxc8 Qxc8 20.Ng1 Qc4 21.b3 Qb4 22.Ra7 Qe4+
23.f3 Qe3 24.Rb7 Rc8 25.Rxb5 Qc3 26.Ne2 Qb2 27.c4 Ra8 28.Qd3 f5 29.Rb1 Qe5
30.Qd2 Nxf3 31.Qd3 Ng5 32.c5 Ra2 33.Re1 dxc5 34.Rxc5 Ne4 35.Rc2 Rxc2 36.Qxc2 Qxd5
37.Nf4 Qa8 38.Qc4+ Kh8 39.Qd5 Qxd5 40.Nxd5 e6 41.Nc7 Bc3 42.Rd1 Kg7 43.Nxe6+ Kf6
44.Nf4 Be5 45.b4 Nxg3 46.Kxg3 g5 47.b5 Bxf4+ 48.Kg2 Be3 49.b6 h5 50.b7 Bf4
51.Rd8 g4 52.b8=Q Bxb8 53.Rxb8 h4 54.Rg8 Ke5 55.Rh8 Kf4 56.Rxh4  1-0

[Event "5th Mayors Cup 2012"]
[Site "Mumbai IND"]
[Date "2012.06.15"]
[Round "11.22"]
[White "Tiwari,Ar"]
[Black "Ziatdinov,R"]
[Result "1/2-1/2"]
[WhiteElo "2244"]
[BlackElo "2370"]

1.e4 c5 2.Nc3 Nc6 3.Bb5 g6 4.Bxc6 dxc6 5.d3 Bg7 6.f4 c4 7.dxc4 Bxc3+ 8.bxc3 Qxd1+
9.Kxd1 Nf6 10.e5 Ne4 11.Be3 Be6 12.Kc1 Nxc3 13.Kb2 Na4+ 14.Ka3 Nb6 15.Bxb6 axb6+
16.Kb2 Bxc4 17.Nf3 Bd5 18.Rhf1 Ra4 19.g3 Kd7 20.a3 Rha8 21.Ng5 f6 22.exf6 exf6
23.Nxh7 Ke7 24.g4 Rh8 25.Rae1+ Be4 26.f5 gxf5 27.Rxf5 Rxh7 28.Rf4 Rxh2 29.Rfxe4+ Rxe4
30.Rxe4+ Kf7 31.Rb4 b5 32.a4 Re2 33.axb5 c5 34.Ra4 Kg6 35.Ra8 Re4 36.c3 Rxg4
37.Rb8 f5 38.Rxb7 Re4 39.Rc7 f4 40.b6 Re8 41.b7 Rb8 42.Kc2 f3 43.Kd2 Kf6
44.Ke3 Ke6  1/2-1/2

[Event "Teplice Open 2012"]
[Site "Teplice CZE"]
[Date "2012.06.18"]
[Round "3.19"]
[White "Kanovsky,D"]
[Black "Smolik,Boris"]
[Result "1-0"]
[WhiteElo "2445"]
[BlackElo "1978"]

1.e4 c5 2.Nf3 Nc6 3.Nc3 d6 4.d4 cxd4 5.Nxd4 e5 6.Nf5 Nf6 7.Ne3 Be6 8.Be2 Be7
9.O-O O-O 10.Kh1 a6 11.Ned5 b5 12.Be3 b4 13.Nxf6+ Bxf6 14.Nd5 Be7 15.a3 Rb8
16.b3 a5 17.axb4 Nxb4 18.Nxe7+ Qxe7 19.f4 f5 20.fxe5 dxe5 21.Rxa5 Rfd8 22.Qc1 f4
23.Bg1 Nc6 24.Rc5 Nd4 25.Bxd4 Rxd4 26.Rxe5 Qd6 27.Qxf4  1-0

[Event "65th ch-RUS HL"]
[Site "Tyumen RUS"]
[Date "2012.06.19"]
[Round "4"]
[White "Stukopin,A"]
[Black "Nazaretyan,Tigran"]
[Result "1-0"]
[WhiteElo "2502"]
[BlackElo "2131"]

1.e4 c5 2.Nf3 Nc6 3.Nc3 d6 4.d4 cxd4 5.Nxd4 Nf6 6.Bg5 e6 7.Qd2 a6 8.O-O-O Bd7
9.f3 Be7 10.Kb1 O-O 11.h4 Nxd4 12.Qxd4 Bc6 13.Qd2 Qc7 14.Bd3 b5 15.Ne2 a5
16.Nd4 b4 17.e5 Nd5 18.Bxe7 Nxe7 19.Nxe6 fxe6 20.exd6 Qd7 21.dxe7 Qxe7 22.Qg5 Rf6
23.Rhe1 a4 24.Bc4 h6 25.Rxe6 hxg5 26.Rxe7+ Kf8 27.Re5 Rf4 28.Rc5 Bxf3 29.gxf3 gxh4
30.b3 g6 31.Rc7 a3 32.Rh7  1-0

[Event "Teplice Open 2012"]
[Site "Teplice CZE"]
[Date "2012.06.22"]
[Round "7.53"]
[White "Privoznik,Lubos"]
[Black "Vokoun,Ondrej"]
[Result "1/2-1/2"]
[WhiteElo "1617"]
[BlackElo "1817"]

1.Nf3 c5 2.e4 Nc6 3.Nc3 a6 4.g3 d6 5.Bg2 Nf6 6.d3 g6 7.Be3 Bg7 8.Qd2 O-O
9.Bh6 e5 10.Bxg7 Kxg7 11.h4 Bg4 12.Nh2 Be6 13.Ne2 Nd4 14.c3 Nxe2 15.Qxe2 b5
16.f4 c4 17.d4 Rb8 18.fxe5 dxe5 19.d5 Bd7 20.Nf3 Nh5 21.Qf2 Qe7 22.O-O-O b4
23.d6 Qe8 24.cxb4 Rxb4 25.Rd2 f5 26.Re1 Qb8 27.Qe3 Rc8 28.Qc3 Rc6 29.Bf1 Rxd6
30.Rxd6 Qxd6 31.Bxc4 Rb7 32.b3 Bb5 33.Nd2  1/2-1/2

[Event "Hotel El Aguila GM"]
[Site "Utebo ESP"]
[Date "2012.06.22"]
[Round "7.3"]
[White "Hunt,A"]
[Black "Antoli Royo,J"]
[Result "0-1"]
[WhiteElo "2461"]
[BlackElo "2401"]

1.e4 c5 2.Nc3 Nc6 3.Bb5 Nd4 4.Bc4 a6 5.a3 e6 6.Nge2 Ne7 7.Nxd4 cxd4 8.Ne2 d5
9.exd5 Nxd5 10.d3 Nf6 11.O-O b5 12.Bb3 Bb7 13.Bf4 Nh5 14.Qd2 Nxf4 15.Qxf4 Bd6
16.Qxd4 Qg5 17.Ng3 O-O-O 18.f4 Qg4 19.a4 b4 20.Qf2 g5 21.f5 Kb8 22.Rae1 exf5
23.Qxf5 Qd4+ 24.Qf2 Qxf2+ 25.Kxf2 Bc5+ 26.Ke2 Bxg2 27.Rxf7 g4 28.Kd2 Rdf8
29.Ne4 Rxf7 30.Bxf7 Bd4 31.c3 Be5 32.Ng3 Bf4+ 33.Kc2 Bc6 34.a5 Rf8 35.Bh5 Bc7
36.Bxg4 Bxa5 37.Rf1 Rxf1 38.Nxf1 Bc7 39.h3 bxc3 40.bxc3 Ba4+ 41.Kd2 Bf4+
42.Ke2 a5 43.Be6 Kc7 44.Ne3 Kd8 45.d4 Be8 46.Nd5 Bb5+ 47.Kd1 Ba4+ 48.Ke1 Bg3+
49.Kd2 Bb3 50.Nc7 Ba4 51.Nd5 Bb3 52.Nc7 Ba4 53.Na8 Ke7 54.Bf5 h5 55.Nb6 Be8
56.Bc2 Kd8 57.c4 h4 58.Bf5 a4 59.Nd5 a3 60.Kc3 Ba4 61.Bb1 Bd7 62.Kb3 Bxh3
63.Be4 Bf2 64.Kxa3 Bf1 65.Nf4 Bxc4 66.Kb4 Bf1 67.Kc5 Bg3 68.Nh5 Bb8 69.Bf5 Ke7
70.d5 Be5 71.Kc6 Bg2 72.Bg4 Kf7 73.Be6+ Kg6 74.Kc5 Kxh5 75.d6 h3 76.d7 Bc7
77.Bxh3 Bxh3 78.Kc6 Bd8 79.Kd6 Kg6  0-1

[Event "Hotel El Aguila GM"]
[Site "Utebo ESP"]
[Date "2012.06.22"]
[Round "8.2"]
[White "Ducarmon,Q"]
[Black "Cuartas,Ja"]
[Result "1/2-1/2"]
[WhiteElo "2368"]
[BlackElo "2523"]

1.e4 c5 2.Nf3 Nc6 3.Nc3 e5 4.Bc4 Be7 5.d3 Nf6 6.a3 O-O 7.Bg5 d6 8.Bxf6 Bxf6
9.Nd5 Be6 10.c3 a6 11.b4 b5 12.Ba2 g6 13.Nxf6+ Qxf6 14.Bxe6 Qxe6 15.O-O Rac8
16.Re1 Rfd8 17.d4 cxd4 18.cxd4 d5 19.Nxe5 Nxe5 20.exd5 Rxd5 21.Rxe5 Rxe5
22.dxe5 Qxe5 23.Rc1 Rc4 24.g3 h5 25.h4 Qb2 26.Qd8+ Kg7 27.Re1 Rc2 28.Qb6 Qc3
29.Qe3 Qf6 30.Rc1 Ra2 31.Kg2 Kh7 32.Rc3 Kg7 33.Qf3  1/2-1/2

[Event "Hotel El Aguila GM"]
[Site "Utebo ESP"]
[Date "2012.06.22"]
[Round "8.3"]
[White "Antoli Royo,J"]
[Black "Anton Guijarro,D"]
[Result "0-1"]
[WhiteElo "2401"]
[BlackElo "2475"]

1.e4 c5 2.Nc3 Nc6 3.Nf3 g6 4.Bb5 Bg7 5.Bxc6 bxc6 6.d3 e5 7.O-O Ne7 8.a3 a5
9.Na4 d6 10.c3 O-O 11.d4 cxd4 12.cxd4 exd4 13.Nxd4 c5 14.Ne2 Nc6 15.Bf4 Nd4
16.Nxd4 cxd4 17.Re1 Re8 18.b4 axb4 19.axb4 Bd7 20.Nb2 Rxa1 21.Qxa1 Bb5 22.f3 d3
23.Qc1 Qc8 24.Nd1 Qxc1 25.Bxc1 Rc8 26.Ne3 Bd4  0-1

[Event "HSG Open A 2012"]
[Site "Hilversum NED"]
[Date "2012.06.23"]
[Round "4.6"]
[White "Van Kampen,R"]
[Black "Blom,V"]
[Result "1-0"]
[WhiteElo "2563"]
[BlackElo "2122"]

1.e4 c5 2.Nc3 Nc6 3.Nge2 Nf6 4.d4 cxd4 5.Nxd4 g6 6.Nxc6 dxc6 7.Qxd8+ Kxd8
8.Bc4 b5 9.Bb3 b4 10.Na4 Nxe4 11.Be3 e6 12.O-O-O+ Kc7 13.Rhe1 Nf6 14.Bd4 Be7
15.Re3 Rf8 16.Rf3 Ne8 17.Nc5 Bd6 18.Ne4 Be7 19.Nc5 Bd6 20.Be3 f5 21.Bxe6 Ng7
22.Bxc8 Rfxc8 23.Na6+ Kb7 24.Rxd6 Kxa6 25.Rd7 Ne6 26.Rxh7 f4 27.Re7 Re8 28.Rxe8 Rxe8
29.Bxf4 Rf8 30.Be3 Rxf3 31.gxf3 c5 32.Kd2 c4 33.b3  1-0

[Event "Teplice Open 2012"]
[Site "Teplice CZE"]
[Date "2012.06.23"]
[Round "8.46"]
[White "Kochert,B"]
[Black "Cenek,M1"]
[Result "0-1"]
[WhiteElo "1744"]
[BlackElo "1895"]

1.e4 c5 2.Nc3 Nc6 3.Bb5 d6 4.f4 Bd7 5.Nf3 g6 6.O-O Bg7 7.d3 a6 8.Bxc6 bxc6
9.Qe2 e6 10.Be3 Qe7 11.Rad1 d5 12.d4 cxd4 13.Bxd4 Bxd4+ 14.Nxd4 c5 15.Nf3 d4
16.Nxd4 cxd4 17.Rxd4 Nf6 18.Rfd1 e5 19.fxe5 Qxe5 20.Nd5 Be6 21.Nxf6+ Qxf6
22.e5 Qe7 23.Qd2 O-O 24.c3 Bxa2 25.Re1 Be6 26.Qh6 f5 27.exf6 Qxf6 28.Qe3 Bf5
29.Rf1 Qe6 30.Qd2 Rfe8 31.Rd6 Qe3+ 32.Qxe3 Rxe3 33.Ra1 Re6 34.Rd4 Rae8 35.h3 Re1+
36.Rxe1 Rxe1+ 37.Kf2 Re6 38.b4 Rc6 39.c4 Be6 40.c5 Kf7 41.g4 g5 42.Kg3 Rc7
43.Rd6 Bc4 44.h4 gxh4+ 45.Kxh4 Bb5 46.Kh5 Rd7 47.Rb6 Ra7 48.Kg5 Be2  0-1

[Event "Teplice Open 2012"]
[Site "Teplice CZE"]
[Date "2012.06.23"]
[Round "8.9"]
[White "Kriebel,T"]
[Black "Kratochvil,Jo"]
[Result "1/2-1/2"]
[WhiteElo "2390"]
[BlackElo "2231"]

1.e4 c5 2.Nf3 Nc6 3.Nc3 g6 4.d4 cxd4 5.Nxd4 Bg7 6.Be3 Nf6 7.Bc4 O-O 8.Bb3 d6
9.f3 Bd7 10.Qd2 Nxd4 11.Bxd4 b5 12.a4 bxa4 13.Nxa4 Be6 14.Bxe6 fxe6 15.O-O Nd7
16.Bxg7 Kxg7 17.Qd4+ e5 18.Qe3 Qc7 19.Kh1 Rfc8 20.Nc3 Nb6 21.Qg5 h6 22.Qh4 e6
23.Rfd1 a6 24.f4 exf4 25.Qxf4 Nc4 26.Ne2 Rf8 27.Nd4 Rae8 28.Qg4 Qc8 29.Re1 Rf2
30.b3 Ne5 31.Qg3 Ref8 32.Nf5+ exf5 33.Qxf2 f4 34.Qa7+ Kg8 35.Qxa6 Qg4 36.Rf1 f3
37.gxf3 Rxf3 38.Qa8+ Kg7 39.Qa7+ Kg8 40.Qd4 Qf4 41.Ra8+ Kf7 42.Qd5+ Ke7 43.Ra7+ Nd7
44.Rxd7+ Kxd7 45.Qb7+ Ke6 46.Qc8+ Ke7 47.Qc7+ Ke8  1/2-1/2

[Event "62nd ch-RUS HL w"]
[Site "Tyumen RUS"]
[Date "2012.06.27"]
[Round "11"]
[White "Sazonova,A"]
[Black "Dotdaeva,A"]
[Result "0-1"]
[WhiteElo "1963"]
[BlackElo "2139"]

1.e4 c5 2.Nf3 Nc6 3.Nc3 Nf6 4.d4 cxd4 5.Nxd4 e5 6.Ndb5 d6 7.Bg5 a6 8.Na3 b5
9.Nd5 Be7 10.Bxf6 Bxf6 11.c3 Bg5 12.Nc2 O-O 13.Bd3 Ne7 14.Ncb4 Be6 15.Bc2 Kh8
16.O-O f5 17.Nxe7 Qxe7 18.exf5 Bxf5 19.Bxf5 Rxf5 20.Qd5 Raf8 21.Nxa6 Qa7
22.Qxb5 Rxf2 23.Rxf2 Qxf2+ 24.Kh1 e4 25.h3 Bf4 26.Qf1 Qg3 27.Qg1 Rf6 28.Re1 Rh6
29.Re2 g5 30.Qd4+ Be5 31.Qg1 Rf6 32.Re3 Rf3 33.Re1 g4  0-1

[Event "65th ch-RUS HL"]
[Site "Tyumen RUS"]
[Date "2012.06.27"]
[Round "11"]
[White "Inarkiev,E"]
[Black "Temirkanov,D"]
[Result "1-0"]
[WhiteElo "2707"]
[BlackElo "2334"]

1.e4 c5 2.Nf3 Nc6 3.Nc3 g6 4.d4 cxd4 5.Nxd4 Bg7 6.Be3 Nf6 7.Bc4 O-O 8.Bb3 d6
9.f3 Bd7 10.Qd2 Nxd4 11.Bxd4 b5 12.a4 b4 13.Nd5 Nxd5 14.Bxg7 Kxg7 15.exd5 Qa5
16.h4 e5 17.h5 Kf6 18.Rh4 Rab8 19.f4 Rfe8 20.hxg6 hxg6 21.O-O-O Bxa4 22.Rf1 e4
23.f5 Bb5 24.fxg6+ Bxf1 25.Qf4+ Ke7 26.Kb1 fxg6 27.Rh7+  1-0

[Event "TCh-CHN 2012"]
[Site "Taizhou CHN"]
[Date "2012.06.29"]
[Round "7"]
[White "Hou Yifan"]
[Black "Wan Yunguo"]
[Result "1-0"]
[WhiteElo "2639"]
[BlackElo "2441"]

1.e4 c5 2.Nc3 Nc6 3.Bb5 g6 4.Bxc6 dxc6 5.d3 Bg7 6.Be3 b6 7.Qd2 Nf6 8.Bh6 Bxh6
9.Qxh6 Ng4 10.Qd2 e5 11.h3 Nf6 12.f4 exf4 13.Qxf4 Be6 14.Nf3 Nd7 15.O-O-O O-O
16.d4 cxd4 17.Nxd4 Rc8 18.e5 Qe7 19.Ne4 f5 20.exf6 Nxf6 21.Nd6 Ng4 22.Nxc8 Bxc8
23.Nxc6 Qc5 24.Rd8 Rxd8 25.Nxd8 Bf5 26.Qd2 Ne5 27.Re1 Bxc2 28.Ne6 Qc4 29.Qd8+ Kf7
30.Qf8+  1-0

[Event "40th TCh-GRE 2012"]
[Site "Achaea GRE"]
[Date "2012.06.30"]
[Round "1.5"]
[White "Karathanasis,Vlasis"]
[Black "Papadopoulos,Ar"]
[Result "0-1"]
[WhiteElo "1556"]
[BlackElo "1786"]

1.e4 c5 2.Nc3 Nc6 3.Bb5 g6 4.Bxc6 bxc6 5.f4 Bg7 6.Nf3 d6 7.O-O e6 8.d3 Ne7
9.Kh1 O-O 10.Qe1 f5 11.e5 Nd5 12.Bd2 Nb4 13.Rc1 Ba6 14.Qe3 dxe5 15.fxe5 f4
16.Qxc5 Nxc2 17.Qxc6 Bxd3 18.Qxe6+ Kh8 19.Rfd1 Bf5 20.Qd5 Nb4 21.Qxd8 Raxd8
22.Be1 Nd3 23.Rb1 Nxe5 24.Rxd8 Rxd8 25.Nxe5 Bxe5 26.Rd1 Rb8 27.b3 Kg7 28.Rd5 Kf6
29.Ra5 Rb7 30.Nb5 Be4 31.Rxa7 Rxb5 32.Rxh7 Rd5 33.Kg1 Rd1 34.Kf2 Ra1 35.Ra7 Bd4+  0-1